Words that end in id - Statistics

General Stats
  • This quiz has been taken 75 times
  • The average score is 5 of 7
Answer Stats
Hint Answer % Correct
Another word for child Kid
87%
When you give someone money for a product or a service you ____ for it (past tense) Paid
86%
An extremely fast section/part of a river Rapid
76%
If someone stated or mentioned something it was ___(past tense) Said
73%
To stay away from something Avoid
71%
If someone is not smart or dumb they are ____ Stupid
69%
When you are filled with fear or are terrified you are Afraid
46%
No matching quizzes found
Score Distribution
Percent of People with Each Score
Percentile by Number Answered
Your Score History
You have not taken this quiz